| 000 | 00478nam a2200181 a 4500 | ||
|---|---|---|---|
| 005 | 20140310183516.0 | ||
| 008 | 110110s19uu xx 00 eng d | ||
| 020 | _a9780812981551 | ||
| 050 |
_aHG 179 _b.Or7587 2010 |
||
| 100 | _aOrman , Suze | ||
| 245 |
_aSuze Orman's action plan / _cSuze Orman |
||
| 260 |
_aNew York : _bSpiegel & Grau, _c2010. |
||
| 300 |
_a244 p. : _c20 cm. |
||
| 521 | _aBSBA | ||
| 650 | _aFinance-Personal | ||
| 942 |
_cBK _2lcc _kFOR |
||
| 999 |
_c24309 _d24309 |
||